Guidebook to the secretory pathway / (Record no. 4216)

MARC details
000 -LEADER
fixed length control field 01438cam a2200361 a 4500
001 - CONTROL NUMBER
control field 3012882
003 - CONTROL NUMBER IDENTIFIER
control field OSt
005 - DATE AND TIME OF LATEST TRANSACTION
control field 20160530140737.0
008 - FIXED-LENGTH DATA ELEMENTS--GENERAL INFORMATION
fixed length control field 940106s1994 enka b 001 0 eng
010 ## - LIBRARY OF CONGRESS CONTROL NUMBER
LC control number 94002327
020 ## - INTERNATIONAL STANDARD BOOK NUMBER
International Standard Book Number 0198599412 (pbk.)
040 ## - CATALOGING SOURCE
Original cataloging agency DLC
Transcribing agency DLC
Modifying agency DLC
050 00 - LIBRARY OF CONGRESS CALL NUMBER
Classification number QH509
Item number .G85 1994
082 00 - DEWEY DECIMAL CLASSIFICATION NUMBER
Classification number QU 120
Item number G9421 2001
245 00 - TITLE STATEMENT
Title Guidebook to the secretory pathway /
Statement of responsibility, etc. edited by Jonathan Rothblatt, Peter Novick, and Tom H. Stevens.
246 18 - VARYING FORM OF TITLE
Title proper/short title Secretory pathway
246 3# - VARYING FORM OF TITLE
Title proper/short title Guide book to the secretory pathway
260 ## - PUBLICATION, DISTRIBUTION, ETC. (IMPRINT)
Place of publication, distribution, etc. Oxford ;
-- New York :
Name of publisher, distributor, etc. Oxford University Press,
Date of publication, distribution, etc. 2001.
300 ## - PHYSICAL DESCRIPTION
Extent xv, 301 p. :
Other physical details ill. ;
Dimensions 25 cm.
500 ## - GENERAL NOTE
General note "A Sambrook & Tooze publication at Oxford University Press."
504 ## - BIBLIOGRAPHY, ETC. NOTE
Bibliography, etc Includes bibliographical references and index.
650 #0 - SUBJECT ADDED ENTRY--TOPICAL TERM
Topical term or geographic name as entry element Secretion.
9 (RLIN) 9088
650 #0 - SUBJECT ADDED ENTRY--TOPICAL TERM
Topical term or geographic name as entry element Endoplasmic reticulum.
9 (RLIN) 9089
650 #0 - SUBJECT ADDED ENTRY--TOPICAL TERM
Topical term or geographic name as entry element Golgi apparatus.
9 (RLIN) 9090
700 1# - ADDED ENTRY--PERSONAL NAME
Personal name Rothblatt, Jonathan.
9 (RLIN) 9091
700 1# - ADDED ENTRY--PERSONAL NAME
Personal name Novick, Peter.
9 (RLIN) 9092
700 1# - ADDED ENTRY--PERSONAL NAME
Personal name Stevens, Tom H.
9 (RLIN) 9093
856 42 - ELECTRONIC LOCATION AND ACCESS
Materials specified Publisher description
Uniform Resource Identifier http://www.loc.gov/catdir/enhancements/fy0603/94002327-d.html
856 41 - ELECTRONIC LOCATION AND ACCESS
Materials specified Table of contents only
Uniform Resource Identifier http://www.loc.gov/catdir/enhancements/fy0603/94002327-t.html
906 ## - LOCAL DATA ELEMENT F, LDF (RLIN)
a 7
b cbc
c orignew
d 1
e ocip
f 19
g y-gencatlg
942 ## - ADDED ENTRY ELEMENTS (KOHA)
Source of classification or shelving scheme Dewey Decimal Classification
Koha item type Open Shelf
Holdings
Withdrawn status Lost status Source of classification or shelving scheme Damaged status Not for loan Home library Current library Date acquired Inventory number Total Checkouts Full call number Barcode Date last seen Price effective from Koha item type
    Dewey Decimal Classification     MUST Main Library MUST Main Library 30/05/2016 2004/22084   QU 120 G9421 2001 2016-2222 30/05/2016 30/05/2016 Open Shelf